[Event "Sitges Sunway op-A 11th"]
[Site "Sitges"]
[Date "2024.12.12"]
[Round "1"]
[White "Legrand, Stephane"]
[Black "Li, Di"]
[Result "0-1"]
[WhiteElo "2056"]
[BlackElo "2552"]
[PlyCount "126"]
[EventDate "2024.12.12"]
[EventType "swiss"]
[EventRounds "10"]
[EventCountry "ESP"]
[SourceTitle "CB52_2024"]
[SourceDate "2024.12.25"]
[SourceVersion "1"]
[SourceVersionDate "2024.12.25"]
[SourceQuality "1"]

1. d4 g6 2. g3 Bg7 3. Bg2 Nf6 4. c4 d5 5. cxd5 Nxd5 6. Nc3 Nxc3 7. bxc3 c5 8. Nf3 0-0 9. 0-0 Nc6 10. Be3 Be6 11. Qa4 Qa5 12. Qxa5 Nxa5 13. dxc5 Rfd8 14. Nd4 Bd5 15. Rab1 a6 16. Rfc1 Rac8 17. Rb4 Bxg2 18. Kxg2 Rd7 19. Nf3 Nc6 20. Rb2 Kf8 21. g4 Ke8 22. h4 h6 23. Nd2 Na5 24. f4 Rcd8 25. Kf3 f5 26. gxf5 gxf5 27. Rcc2 Nc6 28. Nc4 Bf6 29. Rb1 Rb8 30. Bd2 Kf7 31. Rcb2 Nd8 32. Rb3 h5 33. Be3 Nc6 34. Rb6 Rc7 35. R6b3 Ke6 36. Bf2 Kf7 37. e4 fxe4+ 38. Kxe4 Rd7 39. Ne5+ Bxe5 40. fxe5 Rg8 41. Rg1 Rxg1 42. Bxg1 Rd1 43. Bd4 Ke6 44. Rxb7 Re1+ 45. Kf4 a5 46. Rc7 Kd5 47. Kg5 Nxe5 48. Kxh5 Nc6 49. Kg6 e5 50. Bf2 Re2 51. Rf7 e4 52. Bd4 Rg2+ 53. Kf5 Nxd4+ 54. cxd4 Rf2+ 55. Kg6 Rxf7 56. Kxf7 e3 57. h5 e2 58. h6 e1Q 59. h7 Qh4 60. Kg8 Qg5+ 61. Kf7 Qh6 62. Kg8 Qg6+ 63. Kh8 Qf7 0-1

[Event "FICGS W-ch KO final email"]
[Site "FICGS email"]
[Date "2022.11.04"]
[Round "6"]
[White "Legrand, Stephane"]
[Black "Bleker, Frits"]
[Result "1/2-1/2"]
[WhiteElo "2503"]
[BlackElo "2503"]
[PlyCount "91"]
[EventDate "2022.??.??"]
[EventType "match (corr)"]
[EventRounds "3"]
[SourceTitle "Corr 2024"]
[Source "ChessBase"]
[SourceDate "2023.10.19"]
[SourceVersion "1"]
[SourceVersionDate "2023.10.19"]
[SourceQuality "1"]

1. d4 d5 2. c4 c6 3. Nf3 Nf6 4. e3 e6 5. Nc3 Nbd7 6. Bd3 dxc4 7. Bxc4 b5 8. Bd3 Bb7 9. a3 Bd6 10. 0-0 0-0 11. Qc2 a5 12. e4 e5 13. dxe5 Nxe5 14. Nxe5 Bxe5 15. h3 Ba6 16. Rb1 Re8 17. Rd1 Qe7 18. b4 axb4 19. axb4 c5 20. bxc5 Qxc5 21. Nxb5 Qxc2 22. Bxc2 Rac8 23. Bd3 Rcd8 24. f3 Rd7 25. Be2 Rxd1+ 26. Bxd1 Nh5 27. Be3 Rb8 28. Nc3 Rxb1 29. Nxb1 Nf4 30. Nd2 Ne2+ 31. Bxe2 Bxe2 32. Kf2 Bb5 33. g4 f6 34. h4 Bd3 35. Nb3 Kf7 36. Nc1 Bc4 37. Ne2 Bd3 38. Bc5 g6 39. Ke3 Bc4 40. g5 f5 41. exf5 gxf5 42. h5 Bb5 43. Nf4 Bxf4+ 44. Kxf4 Be2 45. Bd4 Bd1 46. Kxf5 1/2-1/2

[Event "FICGS W-ch qf1 email"]
[Site "FICGS email"]
[Date "2022.03.14"]
[Round "7"]
[White "Legrand, Stephane"]
[Black "Bernal Varela, Nelson"]
[Result "1/2-1/2"]
[WhiteElo "2530"]
[BlackElo "2476"]
[PlyCount "116"]
[EventDate "2022.??.??"]
[EventType "match (corr)"]
[EventRounds "5"]
[SourceTitle "Corr 2024"]
[Source "ChessBase"]
[SourceDate "2023.10.19"]
[SourceVersion "1"]
[SourceVersionDate "2023.10.19"]
[SourceQuality "1"]

1. d4 e6 2. c4 d5 3. Nc3 c6 4. e3 Nd7 5. Qc2 Ngf6 6. Nf3 Bd6 7. b3 0-0 8. Be2 b6 9. 0-0 Bb7 10. Bb2 Qe7 11. Rfe1 c5 12. cxd5 cxd4 13. Nxd4 Nxd5 14. Nxd5 Bxd5 15. Rac1 Nf6 16. Bf3 Bc5 17. Red1 Bxf3 18. Nxf3 h6 19. Ne5 Qb7 20. Qe2 Rfd8 21. h3 Rac8 22. Rc4 Rxd1+ 23. Qxd1 b5 24. Rc1 Bf8 25. Rxc8 Qxc8 26. Qc1 Qxc1+ 27. Bxc1 Nd5 28. Kf1 Nc3 29. a3 a6 30. Nc6 Ne4 31. Ke2 Bd6 32. Bb2 Nc5 33. b4 Nd7 34. f4 Bc7 35. Kf3 f5 36. e4 Kf7 37. Nd4 g6 38. Nb3 Nb8 39. Bc3 Nd7 40. Bd4 e5 41. fxe5 Bxe5 42. exf5 gxf5 43. Bxe5 Nxe5+ 44. Kf4 Kf6 45. Nc5 Nc4 46. Nxa6 Nxa3 47. Nc7 Nc2 48. Nxb5 Nxb4 49. Nd4 Nd3+ 50. Ke3 Nb4 51. g3 Nd5+ 52. Kf3 Ke5 53. Nc6+ Kd6 54. Nd8 Ke7 55. Nc6+ Ke6 56. Nd8+ Ke7 57. Nc6+ Ke6 58. Nd8+ Ke7 1/2-1/2

[Event "FICGS W-ch KO final email"]
[Site "FICGS email"]
[Date "2022.03.04"]
[Round "8"]
[White "Broniek, Mariusz Maciej"]
[Black "Legrand, Stephane"]
[Result "1/2-1/2"]
[WhiteElo "2529"]
[BlackElo "2530"]
[PlyCount "102"]
[EventDate "2022.??.??"]
[EventType "match (corr)"]
[EventRounds "3"]
[SourceTitle "Corr 2024"]
[Source "ChessBase"]
[SourceDate "2023.10.19"]
[SourceVersion "1"]
[SourceVersionDate "2023.10.19"]
[SourceQuality "1"]

1. d4 Nf6 2. c4 e6 3. Nc3 Bb4 4. e3 0-0 5. Bd3 d5 6. Nf3 c5 7. 0-0 b6 8. cxd5 exd5 9. Ne5 Bxc3 10. bxc3 Ba6 11. a4 Bxd3 12. Nxd3 Nbd7 13. Re1 Qc7 14. f3 Rfe8 15. Re2 h6 16. Bd2 Re7 17. a5 bxa5 18. Qa4 cxd4 19. cxd4 Nb6 20. Qxa5 Qc8 21. Qa3 Re6 22. Qa6 Qxa6 23. Rxa6 Nc4 24. Nc5 Rb6 25. Kf2 Nd7 26. Rxb6 Ndxb6 27. Na6 Nb2 28. e4 Rc8 29. Nc5 dxe4 30. fxe4 Rd8 31. d5 N2c4 32. Be3 Nxe3 33. Kxe3 f5 34. Ne6 Rd7 35. Nc5 Rd8 36. Ne6 Rd7 37. exf5 Nxd5+ 38. Kf3 a5 39. Rd2 Nb6 40. Rb2 Nc4 41. Rb8+ Kf7 42. Rf8+ Ke7 43. Ra8 Kf6 44. g4 Ne5+ 45. Kg3 Rd1 46. Rf8+ Ke7 47. Ra8 Kf6 48. h3 Rd3+ 49. Kg2 Rd2+ 50. Kg3 Rd3+ 51. Kg2 Rd2+ 1/2-1/2

[Event "FICGS class GM 000010 email"]
[Site "FICGS email"]
[Date "2022.01.21"]
[Round "1"]
[White "Legrand, Stephane"]
[Black "Szczepanski, Zbigniew"]
[Result "1/2-1/2"]
[WhiteElo "2492"]
[BlackElo "2482"]
[PlyCount "50"]
[EventDate "2022.??.??"]
[EventType "tourn (corr)"]
[EventRounds "6"]
[EventCategory "11"]
[SourceTitle "Corr 2024"]
[Source "ChessBase"]
[SourceDate "2023.10.19"]
[SourceVersion "1"]
[SourceVersionDate "2023.10.19"]
[SourceQuality "1"]

1. d4 d5 2. c4 c6 3. Nf3 Nf6 4. Nc3 e6 5. e3 Nbd7 6. Qc2 Bd6 7. Bd3 0-0 8. 0-0 dxc4 9. Bxc4 a6 10. a4 c5 11. dxc5 Bxc5 12. b3 b6 13. Ne4 Be7 14. Ng3 Bb7 15. Bb2 Qb8 16. Qe2 h6 17. Rac1 Rd8 18. Rfd1 Nc5 19. Bd4 Ncd7 20. h3 Ba3 21. Rc2 Bd6 22. Nf1 Be7 23. Rcc1 Rc8 24. N1d2 Bb4 25. Nf1 Be7 1/2-1/2

[Event "FICGS class GM 000010 email"]
[Site "FICGS email"]
[Date "2022.01.21"]
[Round "1"]
[White "Marciz, Alexander"]
[Black "Legrand, Stephane"]
[Result "1/2-1/2"]
[WhiteElo "2500"]
[BlackElo "2492"]
[PlyCount "89"]
[EventDate "2022.??.??"]
[EventType "tourn (corr)"]
[EventRounds "6"]
[EventCategory "11"]
[SourceTitle "Corr 2024"]
[Source "ChessBase"]
[SourceDate "2023.10.19"]
[SourceVersion "1"]
[SourceVersionDate "2023.10.19"]
[SourceQuality "1"]

1. e4 c5 2. Nc3 Nc6 3. Nf3 e5 4. Bc4 Be7 5. d3 d6 6. 0-0 Nf6 7. Ng5 0-0 8. Kh1 h6 9. Nh3 Nd4 10. a4 Kh8 11. f4 Bg4 12. Qd2 a6 13. Nd5 Nxd5 14. Bxd5 f5 15. c3 Ne2 16. exf5 Nxf4 17. Nxf4 exf4 18. Qc2 f3 19. Bxb7 Rxf5 20. Be3 Rb8 21. Bxf3 Bxf3 22. Rxf3 Rxf3 23. gxf3 Qd7 24. Qg2 Bf6 25. Bf4 Rd8 26. Qg4 Qb7 27. Rg1 Qd5 28. Rd1 Re8 29. Qh3 Be5 30. Qg4 Bxf4 31. Qxf4 Qe6 32. Qd2 a5 33. d4 Qf7 34. Kg2 cxd4 35. cxd4 Rf8 36. Rf1 Qf5 37. b3 Rb8 38. Qc3 Qg6+ 39. Kh3 Qe6+ 40. Kg2 Qxb3 41. Qxa5 Qd3 42. Qe1 Qc2+ 43. Kh1 Qxa4 44. Qe4 Qc4 45. Rg1 1/2-1/2

[Event "FICGS class M 000017 email"]
[Site "FICGS email"]
[Date "2022.01.20"]
[Round "1"]
[White "Kruse, Herbert"]
[Black "Legrand, Stephane"]
[Result "1/2-1/2"]
[WhiteElo "2504"]
[BlackElo "2492"]
[PlyCount "41"]
[EventDate "2022.??.??"]
[EventType "tourn (corr)"]
[EventRounds "1"]
[SourceTitle "Corr 2024"]
[Source "ChessBase"]
[SourceDate "2023.10.19"]
[SourceVersion "1"]
[SourceVersionDate "2023.10.19"]
[SourceQuality "1"]

1. d4 d5 2. c4 e6 3. Nf3 Nf6 4. g3 Bb4+ 5. Bd2 Be7 6. Bg2 0-0 7. 0-0 c6 8. Qc2 Nbd7 9. Bf4 b6 10. Rd1 Ba6 11. Nbd2 Nh5 12. Be3 Rc8 13. Rac1 h6 14. Ne5 Nhf6 15. h3 Qe8 16. Qa4 Nb8 17. Qb3 Nbd7 18. Qa4 Nb8 19. Qb3 Nbd7 20. Nd3 Bb7 21. Rc2 1/2-1/2

[Event "FICGS class M 000017 email"]
[Site "FICGS email"]
[Date "2022.01.20"]
[Round "1"]
[White "Legrand, Stephane"]
[Black "Wosch, Arkadiusz"]
[Result "1/2-1/2"]
[WhiteElo "2492"]
[BlackElo "2359"]
[PlyCount "167"]
[EventDate "2022.??.??"]
[EventType "tourn (corr)"]
[EventRounds "1"]
[SourceTitle "Corr 2024"]
[Source "ChessBase"]
[SourceDate "2023.10.19"]
[SourceVersion "1"]
[SourceVersionDate "2023.10.19"]
[SourceQuality "1"]

1. d4 Nf6 2. c4 e6 3. g3 d5 4. Bg2 Be7 5. Nf3 0-0 6. 0-0 dxc4 7. Qc2 a6 8. a4 Bd7 9. Qxc4 Bc6 10. Bg5 Nbd7 11. Nc3 h6 12. Bxf6 Nxf6 13. Rfd1 Re8 14. a5 Qd6 15. e3 Bf8 16. Qf1 Rad8 17. h4 Qb4 18. Qe2 Bxf3 19. Bxf3 c6 20. Ra4 Qe7 21. h5 Nd5 22. Qc2 Nf6 23. Kg2 Rd7 24. Rc4 Qd8 25. b4 Nd5 26. Rb1 Nf6 27. Rd1 Nd5 28. Qb3 Qg5 29. Ne4 Qd8 30. Rb1 f5 31. Nd2 Bd6 32. Rcc1 Qe7 33. Rh1 Bxb4 34. Nc4 Bd6 35. Rb2 Bb8 36. Rhb1 Qg5 37. Qc2 Ree7 38. Rb3 Nf6 39. Rh1 Nd5 40. Rhb1 Nf6 41. Nb6 Rc7 42. Rh1 Ba7 43. Rc3 Ne4 44. Bxe4 fxe4 45. Nc4 Qd5 46. Rh4 Rc8 47. Qxe4 Rd8 48. Qxd5 Rxd5 49. f4 Rb5 50. Rh1 Bb8 51. g4 Bc7 52. Ra1 Rd7 53. Rc2 Rdd5 54. Kf3 Kf7 55. Rg1 Kg8 56. Ne5 Bd8 57. Rh2 Bf6 58. g5 hxg5 59. h6 Kh7 60. fxg5 Bxe5 61. g6+ Kh8 62. hxg7+ Kxg7 63. Rh7+ Kg8 64. dxe5 Rxe5 65. e4 Rg5 66. Rxg5 Rxg5 67. Rxb7 Rxa5 68. Kf4 c5 69. Kg5 Ra1 70. Rb8+ Kg7 71. Rb7+ Kg8 72. Rc7 Rg1+ 73. Kf6 Rf1+ 74. Kxe6 Rc1 75. Kf6 Rf1+ 76. Ke5 Rc1 77. Ra7 c4 78. Rxa6 Kg7 79. Kd4 Re1 80. Re6 Rc1 81. Rc6 Rc2 82. Rxc4 Rd2+ 83. Ke3 Rd6 84. e5 1/2-1/2

[Event "FICGS W-ch qf3 email"]
[Site "FICGS email"]
[Date "2021.07.11"]
[Round "4"]
[White "Legrand, Stephane"]
[Black "Tsygankov, Evgeny"]
[Result "1-0"]
[WhiteElo "2488"]
[BlackElo "2524"]
[PlyCount "131"]
[EventDate "2021.??.??"]
[EventType "match (corr)"]
[EventRounds "5"]
[SourceTitle "Corr 2024"]
[Source "ChessBase"]
[SourceDate "2023.10.19"]
[SourceVersion "1"]
[SourceVersionDate "2023.10.19"]
[SourceQuality "1"]

1. d4 Nf6 2. c4 e6 3. g3 d5 4. Bg2 Bb4+ 5. Bd2 Be7 6. Nf3 0-0 7. 0-0 c6 8. Qc2 Nbd7 9. Bf4 b6 10. Nbd2 Bb7 11. e4 Nh5 12. Be3 Nhf6 13. h4 dxc4 14. e5 Nd5 15. Ng5 g6 16. Bxd5 cxd5 17. Ndf3 Qe8 18. Rfe1 h6 19. Nh3 Kg7 20. Nh2 Rh8 21. Qc1 b5 22. Ng4 h5 23. Bh6+ Kg8 24. Nh2 a5 25. Qf4 a4 26. g4 a3 27. b4 Bxb4 28. gxh5 Bf8 29. Bxf8 Qxf8 30. hxg6 Qg7 31. Kh1 fxg6 32. Qg4 Nf8 33. Ng5 Qe7 34. Re3 b4 35. Rf3 Bc6 36. Rf7 Qxf7 37. Nxf7 Kxf7 38. Rb1 Rb8 39. Qf4+ Ke8 40. Ng4 Rxh4+ 41. Kg2 Rh8 42. Nf6+ Ke7 43. Re1 b3 44. Qd2 Nd7 45. Qa5 bxa2 46. Ra1 Kf7 47. Rxa2 Nxf6 48. Qc7+ Nd7 49. Qxc6 Rbd8 50. Qc7 Ke8 51. Rxa3 Nf8 52. Ra6 Rd7 53. Ra8+ Ke7 54. Qc6 Rg8 55. Kf1 Rh8 56. Qa4 g5 57. Qa3+ Kf7 58. Qf3+ Kg7 59. Qf6+ Kh7 60. Rxf8 Rxf8 61. Qxf8 Rg7 62. Qf6 Rg6 63. Qe7+ Kg8 64. Kg2 Rh6 65. Kg3 Kh8 66. Kg4 1-0

[Event "FICGS class M 000007 email"]
[Site "FICGS email"]
[Date "2020.07.02"]
[Round "1"]
[White "Bernal Varela, Nelson"]
[Black "Legrand, Stephane"]
[Result "1/2-1/2"]
[WhiteElo "2514"]
[BlackElo "2491"]
[PlyCount "73"]
[EventDate "2020.??.??"]
[EventType "tourn (corr)"]
[EventRounds "1"]
[SourceTitle "Corr 2024"]
[Source "ChessBase"]
[SourceDate "2023.10.19"]
[SourceVersion "1"]
[SourceVersionDate "2023.10.19"]
[SourceQuality "1"]

1. d4 Nf6 2. c4 e6 3. Nf3 d5 4. Nc3 Bb4 5. Qa4+ Nc6 6. e3 0-0 7. Qc2 Re8 8. Bd2 Bf8 9. a3 e5 10. dxe5 Nxe5 11. cxd5 Nxf3+ 12. gxf3 Nxd5 13. Bd3 Nxc3 14. Bxc3 Qh4 15. 0-0-0 g6 16. Be4 Bg7 17. Bxg7 Kxg7 18. Rd4 c5 19. Qxc5 Qxf2 20. Qc3 Kg8 21. Qd2 Qxd2+ 22. Kxd2 f5 23. Bd3 Be6 24. Rc1 Rac8 25. Rxc8 Rxc8 26. Ra4 Rd8 27. Ke2 a6 28. e4 Kf7 29. Rb4 b5 30. h4 fxe4 31. fxe4 h6 32. a4 bxa4 33. Ke3 Bb3 34. Rb6 Re8 35. Rxa6 Re5 36. Be2 Rc5 37. Ra7+ 1/2-1/2

[Event "FICGS class M 000007 email"]
[Site "FICGS email"]
[Date "2020.07.02"]
[Round "1"]
[White "Legrand, Stephane"]
[Black "Kruse, Herbert"]
[Result "1/2-1/2"]
[WhiteElo "2491"]
[BlackElo "2539"]
[PlyCount "50"]
[EventDate "2020.??.??"]
[EventType "tourn (corr)"]
[EventRounds "1"]
[SourceTitle "Corr 2024"]
[Source "ChessBase"]
[SourceDate "2023.10.19"]
[SourceVersion "1"]
[SourceVersionDate "2023.10.19"]
[SourceQuality "1"]

1. d4 Nf6 2. c4 c6 3. Nc3 d5 4. cxd5 cxd5 5. Bf4 Nc6 6. Nf3 Bf5 7. e3 e6 8. Qb3 Bb4 9. Ne5 Bxc3+ 10. bxc3 Nxe5 11. Bxe5 0-0 12. Rc1 Rc8 13. Qxb7 Ne4 14. f3 Qh4+ 15. g3 Qh6 16. Bf4 g5 17. Bc7 g4 18. Bf4 Ng5 19. fxg4 Be4 20. h4 Bxh1 21. Be2 Rfe8 22. Bb5 Nf3+ 23. Kf2 Qg6 24. Bxe8 Rxe8 25. Qb5 Rc8 1/2-1/2

[Event "FICGS class M 000007 email"]
[Site "FICGS email"]
[Date "2020.07.02"]
[Round "1"]
[White "Legrand, Stephane"]
[Black "Larwinski, Paul"]
[Result "0-1"]
[WhiteElo "2491"]
[BlackElo "2445"]
[PlyCount "44"]
[EventDate "2020.??.??"]
[EventType "tourn (corr)"]
[EventRounds "1"]
[SourceTitle "Corr 2024"]
[Source "ChessBase"]
[SourceDate "2023.10.19"]
[SourceVersion "1"]
[SourceVersionDate "2023.10.19"]
[SourceQuality "1"]

1. d4 d5 2. c4 dxc4 3. e4 c5 4. Nf3 cxd4 5. Qxd4 Qxd4 6. Nxd4 Bd7 7. Bxc4 Nc6 8. Be3 e6 9. Nxc6 Bxc6 10. f3 Bd6 11. Nd2 Ne7 12. Kf2 0-0 13. Nb3 Rfc8 14. Rac1 Be5 15. Nd4 Bf6 16. b3 a6 17. Rhd1 Kf8 18. Be2 Be8 19. g3 Rxc1 20. Bxc1 Nc6 21. Nxc6 Bxc6 22. Be3 Rc8 0-1

[Event "FICGS W-ch KO final email"]
[Site "FICGS email"]
[Date "2020.04.08"]
[Round "1"]
[White "Legrand, Stephane"]
[Black "Wosch, Arkadiusz"]
[Result "1/2-1/2"]
[WhiteElo "2479"]
[BlackElo "2481"]
[PlyCount "67"]
[EventDate "2020.??.??"]
[EventType "match (corr)"]
[EventRounds "3"]
[SourceTitle "Corr 2024"]
[Source "ChessBase"]
[SourceDate "2023.10.19"]
[SourceVersion "1"]
[SourceVersionDate "2023.10.19"]
[SourceQuality "1"]

1. d4 Nf6 2. c4 e6 3. g3 d5 4. Nf3 Bb4+ 5. Bd2 Be7 6. Bg2 0-0 7. 0-0 c6 8. Qc2 Nbd7 9. Bf4 b6 10. Rd1 Bb7 11. Ne5 Nh5 12. Bd2 Nhf6 13. cxd5 cxd5 14. Nc6 Bxc6 15. Qxc6 Rc8 16. Qb5 Ne8 17. Nc3 Nd6 18. Qd3 Nf6 19. b3 Qd7 20. f3 Nf5 21. e3 Rfd8 22. Ne2 g5 23. Rac1 g4 24. fxg4 Nxg4 25. e4 dxe4 26. Bxe4 Nf6 27. Bxf5 exf5 28. Rxc8 Rxc8 29. Rc1 Rxc1+ 30. Bxc1 Bd6 31. Bh6 Nd5 32. Nc3 Nxc3 33. Qxc3 Bf8 34. Bxf8 1/2-1/2

[Event "FICGS class M 000018 email"]
[Site "FICGS email"]
[Date "2020.03.18"]
[Round "1"]
[White "Legrand, Stephane"]
[Black "Broniek, Mariusz Maciej"]
[Result "1/2-1/2"]
[WhiteElo "2479"]
[BlackElo "2450"]
[PlyCount "136"]
[EventDate "2018.??.??"]
[EventType "tourn (corr)"]
[EventRounds "1"]
[SourceTitle "Corr 2024"]
[Source "ChessBase"]
[SourceDate "2023.10.19"]
[SourceVersion "1"]
[SourceVersionDate "2023.10.19"]
[SourceQuality "1"]

1. d4 Nf6 2. c4 e6 3. g3 d5 4. Nf3 dxc4 5. Bg2 Bb4+ 6. Bd2 a5 7. Qc2 Bxd2+ 8. Qxd2 c6 9. a4 Ne4 10. Qc2 Nd6 11. 0-0 Na6 12. Qc3 Nb4 13. Ne5 Nd5 14. Qc1 0-0 15. Na3 b6 16. Naxc4 Nxc4 17. Nxc4 Nb4 18. Rd1 Ba6 19. b3 Qc7 20. Qb2 Rfd8 21. Rac1 Rac8 22. e4 h6 23. h4 Rb8 24. Rd2 Bxc4 25. bxc4 e5 26. d5 Qd6 27. Rcd1 cxd5 28. cxd5 Na6 29. Qb5 Nc5 30. f3 Qg6 31. Kh2 Rd6 32. Bh3 Qf6 33. Rf1 g6 34. Rc2 Rbd8 35. Rc4 Qe7 36. Rf2 h5 37. Qb1 Kg7 38. Qc2 Rf8 39. Re2 Kh7 40. Qd2 Rdd8 41. Qe3 Rd6 42. Qc3 Re8 43. Rb2 Red8 44. Rd2 Kg8 45. Rb2 Qe8 46. Qc2 Qe7 47. Qc3 Rf8 48. Qc2 Qd8 49. Ra2 Qe7 50. Rb2 Qd8 51. Ra2 f5 52. exf5 gxf5 53. Bxf5 Rxd5 54. Be4 Rd4 55. Rxd4 exd4 56. Qd1 Rf6 57. Rd2 Rd6 58. Bd3 Qf6 59. Kg2 Kf8 60. Re2 Rc6 61. Qd2 Rd6 62. Re1 Kg7 63. Re2 Rd7 64. Re1 Rd6 65. Re2 Kf8 66. Re1 Re6 67. Rxe6 Qxe6 68. Qf4+ Ke7 1/2-1/2

[Event "FICGS class M 000018 email"]
[Site "FICGS email"]
[Date "2020.03.18"]
[Round "1"]
[White "Szczepanski, Zbigniew"]
[Black "Legrand, Stephane"]
[Result "1/2-1/2"]
[WhiteElo "2464"]
[BlackElo "2479"]
[PlyCount "35"]
[EventDate "2018.??.??"]
[EventType "tourn (corr)"]
[EventRounds "1"]
[SourceTitle "Corr 2024"]
[Source "ChessBase"]
[SourceDate "2023.10.19"]
[SourceVersion "1"]
[SourceVersionDate "2023.10.19"]
[SourceQuality "1"]

1. d4 Nf6 2. c4 e6 3. Nc3 Bb4 4. f3 c5 5. d5 b5 6. e4 0-0 7. e5 Ne8 8. f4 exd5 9. cxd5 d6 10. Nf3 c4 11. a4 Nd7 12. Be2 Qb6 13. Bd2 Nc7 14. Nxb5 Bxd2+ 15. Qxd2 Nxb5 16. axb5 Re8 17. Qd4 dxe5 18. Qxb6 1/2-1/2

[Event "FICGS class SM 000023 email"]
[Site "FICGS email"]
[Date "2019.11.29"]
[Round "1"]
[White "Broniek, Mariusz Maciej"]
[Black "Legrand, Stephane"]
[Result "1/2-1/2"]
[WhiteElo "2368"]
[BlackElo "2496"]
[PlyCount "91"]
[EventDate "2019.??.??"]
[EventType "tourn (corr)"]
[EventRounds "6"]
[EventCategory "7"]
[SourceTitle "Corr 2022"]
[Source "ChessBase"]
[SourceDate "2021.10.24"]
[SourceVersion "1"]
[SourceVersionDate "2021.10.24"]
[SourceQuality "1"]

1. d4 Nf6 2. Nf3 b6 3. Bg5 Bb7 4. e3 g6 5. Bd3 Bg7 6. 0-0 c5 7. Nbd2 0-0 8. c3 d6 9. Re1 Nc6 10. a3 a6 11. h3 h6 12. Bh4 Re8 13. a4 Qc7 14. Rc1 e5 15. Bxf6 Bxf6 16. d5 Nb8 17. e4 Nd7 18. b4 Kg7 19. b5 c4 20. Bxc4 Ra7 21. Qe2 Nc5 22. Nb3 Nxb3 23. Bxb3 axb5 24. axb5 Rea8 25. c4 Qc5 26. Qb2 Bc8 27. Ra1 Qb4 28. Rxa7 Rxa7 29. Rb1 Bd8 30. Ne1 f5 31. Nd3 Qa5 32. Nxe5 dxe5 33. Qxe5+ Bf6 34. Qb8 fxe4 35. c5 e3 36. fxe3 Bf5 37. Rf1 h5 38. c6 Kh6 39. Qf4+ Bg5 40. Qd4 Qxb5 41. h4 Kh7 42. hxg5 Qxb3 43. e4 Ra4 44. Qd2 Ra2 45. Qf4 Qc2 46. Qc7+ 1/2-1/2

[Event "FICGS class SM 000023 email"]
[Site "FICGS email"]
[Date "2019.11.29"]
[Round "1"]
[White "Legrand, Stephane"]
[Black "Kruse, Herbert"]
[Result "1/2-1/2"]
[WhiteElo "2496"]
[BlackElo "2635"]
[PlyCount "26"]
[EventDate "2019.??.??"]
[EventType "tourn (corr)"]
[EventRounds "6"]
[EventCategory "7"]
[SourceTitle "Corr 2022"]
[Source "ChessBase"]
[SourceDate "2021.10.24"]
[SourceVersion "1"]
[SourceVersionDate "2021.10.24"]
[SourceQuality "1"]

1. Nf3 Nf6 2. c4 c5 3. Nc3 Nc6 4. g3 d5 5. d4 e6 6. cxd5 Nxd5 7. Bg2 cxd4 8. Nxd4 Nxc3 9. bxc3 Nxd4 10. Qxd4 Qxd4 11. cxd4 Bd6 12. 0-0 Rb8 13. a4 b6 1/2-1/2

[Event "FICGS class SM 000023 email"]
[Site "FICGS email"]
[Date "2019.11.29"]
[Round "1"]
[White "Legrand, Stephane"]
[Black "Wosch, Arkadiusz Janusz"]
[Result "1/2-1/2"]
[WhiteElo "2496"]
[BlackElo "2513"]
[PlyCount "52"]
[EventDate "2019.??.??"]
[EventType "tourn (corr)"]
[EventRounds "6"]
[EventCategory "7"]
[SourceTitle "Corr 2022"]
[Source "ChessBase"]
[SourceDate "2021.10.24"]
[SourceVersion "1"]
[SourceVersionDate "2021.10.24"]
[SourceQuality "1"]

1. d4 Nf6 2. c4 e6 3. g3 d5 4. Nf3 Bb4+ 5. Bd2 Be7 6. Bg2 0-0 7. 0-0 c6 8. Qc2 Nbd7 9. Rd1 b6 10. b3 Ba6 11. a4 h6 12. e3 Qc8 13. Na3 Rd8 14. b4 Bb7 15. Be1 c5 16. dxc5 bxc5 17. b5 Qc7 18. a5 Rac8 19. a6 Ba8 20. Nb1 Qb8 21. Ba5 Re8 22. Nbd2 Bd8 23. Bc3 e5 24. cxd5 Nxd5 25. Nc4 e4 26. Bh3 exf3 1/2-1/2

[Event "FICGS class SM 000023 email"]
[Site "FICGS email"]
[Date "2019.11.29"]
[Round "1"]
[White "Szczepanski, Zbigniew"]
[Black "Legrand, Stephane"]
[Result "1/2-1/2"]
[WhiteElo "2464"]
[BlackElo "2496"]
[PlyCount "51"]
[EventDate "2019.??.??"]
[EventType "tourn (corr)"]
[EventRounds "6"]
[EventCategory "7"]
[SourceTitle "Corr 2022"]
[Source "ChessBase"]
[SourceDate "2021.10.24"]
[SourceVersion "1"]
[SourceVersionDate "2021.10.24"]
[SourceQuality "1"]

1. e4 c5 2. Nf3 Nc6 3. Bb5 g6 4. Bxc6 dxc6 5. d3 Bg7 6. h3 e5 7. Be3 b6 8. Nc3 Ne7 9. a4 a5 10. Qe2 h6 11. 0-0-0 Be6 12. Nd2 0-0 13. g4 Rb8 14. f3 b5 15. Qf2 Nc8 16. Bxc5 Nb6 17. Ndb1 Re8 18. b3 Bf8 19. Kd2 Bxc5 20. Qxc5 Qf6 21. Rhf1 Red8 22. Rc1 Nd7 23. Qe3 Qe7 24. Ke2 g5 25. h4 Nf8 26. Kf2 1/2-1/2

[Event "FICGS W-ch qf4 email"]
[Site "FICGS email"]
[Date "2018.11.01"]
[Round "2"]
[White "Legrand, Stephane"]
[Black "Bernal Varela, Nelson"]
[Result "1/2-1/2"]
[WhiteElo "2404"]
[BlackElo "2614"]
[PlyCount "101"]
[EventDate "2018.??.??"]
[EventType "match (corr)"]
[EventRounds "5"]
[SourceTitle "Corr 2022"]
[Source "ChessBase"]
[SourceDate "2021.10.24"]
[SourceVersion "1"]
[SourceVersionDate "2021.10.24"]
[SourceQuality "1"]

1. d4 e6 2. c4 f5 3. g3 Bb4+ 4. Nd2 Nf6 5. Bg2 0-0 6. a3 Bxd2+ 7. Qxd2 d6 8. Nf3 Nc6 9. b3 Ne7 10. 0-0 b6 11. Bb2 Rb8 12. Rac1 Qd7 13. Ne1 Bb7 14. f3 Ng6 15. Nd3 e5 16. Bh3 e4 17. Ne1 d5 18. Ng2 Rbe8 19. Ne3 Ne7 20. a4 Rf7 21. b4 dxc4 22. Nxc4 Ng6 23. b5 exf3 24. exf3 a6 25. Qc2 Nd5 26. bxa6 Bxa6 27. Rfe1 Bxc4 28. Qxc4 Rxe1+ 29. Rxe1 Rf6 30. Qc2 h6 31. Bf1 Kh7 32. Bc4 Re6 33. Qd2 Qe8 34. Rxe6 Qxe6 35. Kf2 Nge7 36. Qe1 Qxe1+ 37. Kxe1 g5 38. Bc1 Kg6 39. Bd2 Kf6 40. Ke2 Ke6 41. Kd3 c6 42. Bc1 Kf6 43. Bd2 Ke6 44. Bb3 Kd7 45. Bc2 b5 46. Bb3 bxa4 47. Bxa4 Nc8 48. Bb3 Nd6 49. Ba2 Nb5 50. Bc4 Nbc7 51. Bb3 1/2-1/2

[Event "FICGS class M 000018 email"]
[Site "FICGS email"]
[Date "2018.05.02"]
[Round "1"]
[White "Bernal Varela, Nelson"]
[Black "Legrand, Stephane"]
[Result "1/2-1/2"]
[WhiteElo "2403"]
[BlackElo "2386"]
[PlyCount "56"]
[EventDate "2018.??.??"]
[EventType "tourn (corr)"]
[EventRounds "1"]
[SourceTitle "Corr 2022"]
[Source "ChessBase"]
[SourceDate "2021.10.24"]
[SourceVersion "1"]
[SourceVersionDate "2021.10.24"]
[SourceQuality "1"]

1. Nf3 Nf6 2. g3 c5 3. Bg2 Nc6 4. 0-0 e5 5. c4 d5 6. Qa4 Bd6 7. d4 cxd4 8. cxd5 Nxd5 9. Nxd4 exd4 10. Bxd5 Qb6 11. Rd1 0-0 12. Bxc6 bxc6 13. Qxd4 Bc5 14. Qf4 Be6 15. Nc3 Rad8 16. Be3 Bxe3 17. Qxe3 Qxb2 18. f3 Bf5 19. Kf2 Bc2 20. Rxd8 Rxd8 21. Re1 Qb4 22. Rc1 Qb2 23. g4 a5 24. g5 Qb8 25. Rxc2 Qxh2+ 26. Ke1 Qh1+ 27. Kf2 Qh2+ 28. Ke1 Qh1+ 1/2-1/2